000
00241nam a2200109Ia 4500
008
220216s9999 xx 000 0 und d
100
_a
Leong Tat Thim
245
0
_a
Optimum task size
650
_a
Rubber
650
_a
Task size
942
_c
JS
999
_c
64454
_d
64454